Carolyn Nordstrom, Shadows of War, Violence, Power, and International Profiteering in the Twenty-First Century, Berkeley-Los Angeles, University of California Press, 2004, 293 p., bibl., index, ill. (notice n° 1646112)
[ vue normale ]
| 000 -LEADER | |
|---|---|
| fixed length control field | 00605cam a2200145 4500500 |
| 005 - DATE AND TIME OF LATEST TRANSACTION | |
| control field | 20260208002408.0 |
| 041 ## - LANGUAGE CODE | |
| Language code of text/sound track or separate title | fre |
| 042 ## - AUTHENTICATION CODE | |
| Authentication code | dc |
| 100 10 - MAIN ENTRY--PERSONAL NAME | |
| Personal name | Naepels, Michel |
| Relator term | author |
| 245 00 - TITLE STATEMENT | |
| Title | Carolyn Nordstrom, Shadows of War, Violence, Power, and International Profiteering in the Twenty-First Century, Berkeley-Los Angeles, University of California Press, 2004, 293 p., bibl., index, ill. |
| 260 ## - PUBLICATION, DISTRIBUTION, ETC. | |
| Date of publication, distribution, etc. | 2007.<br/> |
| 500 ## - GENERAL NOTE | |
| General note | 31 |
| 786 0# - DATA SOURCE ENTRY | |
| Note | L'Homme | 182 | 2 | 2007-04-01 | p. 241c-303c | 0439-4216 |
| 856 41 - ELECTRONIC LOCATION AND ACCESS | |
| Uniform Resource Identifier | <a href="https://shs.cairn.info/revue-l-homme-2007-2-page-241c?lang=fr&redirect-ssocas=7080">https://shs.cairn.info/revue-l-homme-2007-2-page-241c?lang=fr&redirect-ssocas=7080</a> |
Pas d'exemplaire disponible.




Réseaux sociaux